[Event "Scarborough CC Falling Leaves U1400"]
[Site "Toronto CAN"]
[Date "2011.12.15"]
[Round "7"]
[White "Patel, Saiyam"]
[Black "Roy, Lawrence"]
[Result "0-1"]
[WhiteElo "879"]
[BlackElo "1053"]
[PlyCount "30"]
[GameId "2160767909639476"]
[EventDate "2011.11.03"]
[EventType "swiss"]
[EventRounds "7"]
[EventCountry "CAN"]
[SourceTitle "EXT 2022"]
[Source "ChessBase"]
[SourceDate "2021.10.06"]
[SourceVersion "1"]
[SourceVersionDate "2021.10.06"]
[SourceQuality "1"]

1. e3 e5 2. Qf3 Nf6 3. Nc3 Bb4 4. Nd5 Nxd5 5. Qxd5 O-O 6. Qe4 d5 7. Qxb4 Re8 8. b3 Nc6 9. Qc3 d4 10. Qd3 Be6 11. Bb2 Nb4 12. Qb5 Nxc2+ 13. Kd1 Nxa1 14. Bxa1 dxe3 15. Qxe5 Qxd2# 0-1

[Event "Scarborough CC Falling Leaves U1400"]
[Site "Toronto CAN"]
[Date "2011.12.15"]
[Round "7"]
[White "Thornton, Bill"]
[Black "Zhao, Harry"]
[Result "1-0"]
[WhiteElo "1290"]
[BlackElo "1296"]
[PlyCount "63"]
[GameId "2160767909639479"]
[EventDate "2011.11.03"]
[EventType "swiss"]
[EventRounds "7"]
[EventCountry "CAN"]
[SourceTitle "EXT 2022"]
[Source "ChessBase"]
[SourceDate "2021.10.06"]
[SourceVersion "1"]
[SourceVersionDate "2021.10.06"]
[SourceQuality "1"]

1. d4 d5 2. c4 e6 3. Nc3 Nf6 4. Bf4 c6 5. e3 a6 6. Bd3 dxc4 7. Bxc4 Bd6 8. Bg5 Nbd7 9. e4 Be7 10. a3 h6 11. Bh4 Nxe4 12. Nxe4 Bxh4 13. Nd6+ Kf8 14. Nf3 Be7 15. Ne4 b5 16. Ba2 Bb7 17. Nc3 Nb6 18. Qd3 Nd5 19. O-O h5 20. Rac1 Rc8 21. Ne5 Rh6 22. f4 Bd6 23. f5 Bxe5 24. dxe5 Kg8 25. fxe6 fxe6 26. Kh1 Qg5 27. Nxd5 cxd5 28. Rxc8+ Bxc8 29. Qf3 Kh7 30. Bb1+ Rg6 31. Bxg6+ Kxg6 32. Qg3 1-0

[Event "Scarborough CC Falling Leaves U1400"]
[Site "Toronto CAN"]
[Date "2011.12.15"]
[Round "7"]
[White "Wu, Mark"]
[Black "Souchko, Larissa"]
[Result "0-1"]
[WhiteElo "979"]
[BlackElo "1157"]
[PlyCount "54"]
[GameId "2160767909639480"]
[EventDate "2011.11.03"]
[EventType "swiss"]
[EventRounds "7"]
[EventCountry "CAN"]
[SourceTitle "EXT 2022"]
[Source "ChessBase"]
[SourceDate "2021.10.06"]
[SourceVersion "1"]
[SourceVersionDate "2021.10.06"]
[SourceQuality "1"]

1. e4 c5 2. Nf3 Nf6 3. Nc3 a6 4. Bc4 e6 5. e5 b5 6. Nxb5 axb5 7. Bxb5 Nd5 8. b3 Be7 9. O-O O-O 10. Bb2 Ba6 11. Qe2 Bxb5 12. Qxb5 Nc6 13. Rfe1 Qc7 14. c4 Rfb8 15. Qxb8+ Rxb8 16. cxd5 exd5 17. h3 d4 18. Rac1 Nb4 19. Bxd4 Qb6 20. Be3 Nd3 21. Rc3 Nxe1 22. Nxe1 Rc8 23. Nd3 h6 24. b4 Rc6 25. bxc5 Qb1+ 26. Rc1 Qxa2 27. Nb4 Qb2 0-1

[Event "Scarborough CC Falling Leaves U1400"]
[Site "Toronto CAN"]
[Date "2011.12.15"]
[Round "7"]
[White "Zhang, Taylor"]
[Black "Ming, Wenyang"]
[Result "1-0"]
[WhiteElo "1186"]
[BlackElo "1215"]
[PlyCount "127"]
[GameId "2160767909639481"]
[EventDate "2011.11.03"]
[EventType "swiss"]
[EventRounds "7"]
[EventCountry "CAN"]
[SourceTitle "EXT 2022"]
[Source "ChessBase"]
[SourceDate "2021.10.06"]
[SourceVersion "1"]
[SourceVersionDate "2021.10.06"]
[SourceQuality "1"]

1. e4 c5 2. Nc3 Nc6 3. f4 e6 4. Nf3 Bd6 5. d3 Qc7 6. e5 Be7 7. Be2 d6 8. exd6 Bxd6 9. Nb5 Qa5+ 10. Nc3 a6 11. O-O Qc7 12. Ng5 h6 13. Nge4 Be7 14. Be3 b6 15. Ng3 Nf6 16. a4 Bb7 17. f5 Nd5 18. Nxd5 exd5 19. Bf4 Qd7 20. Bg4 Bf6 21. Nh5 Bd4+ 22. Kh1 Bf6 23. Re1+ Ne7 24. Be5 Bxe5 25. Rxe5 Qd6 26. Qe2 O-O 27. Rxe7 Bc6 28. Re3 d4 29. Rg3 Rfe8 30. Qd2 Re5 31. f6 Re3 32. Bf3 g6 33. c3 Kh7 34. Bxc6 Qxc6 35. Nf4 Rae8 36. Rxe3 dxe3 37. Qe2 Qxf6 38. Rf1 Qd6 39. h3 b5 40. axb5 axb5 41. c4 bxc4 42. dxc4 g5 43. Nd5 Kg7 44. Nxe3 Qe5 45. Rf3 f5 46. Qd2 f4 47. Ng4 h5 48. Nxe5 Rxe5 49. Qd7+ Kf6 50. Rd3 g4 51. h4 Re1+ 52. Kh2 g3+ 53. Rxg3 fxg3+ 54. Kxg3 Re3+ 55. Kf4 Re7 56. Qf5+ Kg7 57. Kg5 Rf7 58. Qe5+ Kh7 59. Kxh5 Kg8 60. Kg6 Rf6+ 61. Kxf6 Kh7 62. Qh5+ Kg8 63. Qg6+ Kf8 64. Qf7# 1-0

[Event "Scarborough CC Falling Leaves U1800"]
[Site "Toronto CAN"]
[Date "2011.11.03"]
[Round "1"]
[White "Aghamalian, Derick"]
[Black "Pishdad, Hassan"]
[Result "1-0"]
[WhiteElo "1555"]
[BlackElo "1325"]
[PlyCount "51"]
[GameId "2160767909639482"]
[EventDate "2011.11.03"]
[EventType "swiss"]
[EventRounds "7"]
[EventCountry "CAN"]
[SourceTitle "EXT 2022"]
[Source "ChessBase"]
[SourceDate "2021.10.06"]
[SourceVersion "1"]
[SourceVersionDate "2021.10.06"]
[SourceQuality "1"]

1. e4 c5 2. Nf3 e6 3. d4 cxd4 4. Nxd4 Nc6 5. Nc3 Nf6 6. Be3 Bb4 7. f3 e5 8. Nb3 Bxc3+ 9. bxc3 O-O 10. Bc5 Re8 11. Bd6 b6 12. Bc4 a5 13. a4 Ba6 14. Bxa6 Rxa6 15. O-O Re6 16. Qd3 Qc8 17. Rfd1 Nd4 18. cxd4 Rxd6 19. c3 Ra8 20. Qe3 Qc4 21. Nd2 Qe6 22. d5 Nxd5 23. exd5 Rxd5 24. Qe4 Rc8 25. Nf1 f5 26. Qxd5 1-0

[Event "Scarborough CC Falling Leaves U1800"]
[Site "Toronto CAN"]
[Date "2011.11.03"]
[Round "1"]
[White "Azizi, Hamid"]
[Black "Gillis, Doug"]
[Result "1/2-1/2"]
[WhiteElo "1424"]
[BlackElo "1617"]
[PlyCount "78"]
[GameId "2160767909639483"]
[EventDate "2011.11.03"]
[EventType "swiss"]
[EventRounds "7"]
[EventCountry "CAN"]
[SourceTitle "EXT 2022"]
[Source "ChessBase"]
[SourceDate "2021.10.06"]
[SourceVersion "1"]
[SourceVersionDate "2021.10.06"]
[SourceQuality "1"]

1. f4 d5 2. Nf3 Bg4 3. e3 Nd7 4. Be2 Ngf6 5. O-O e6 6. c4 dxc4 7. Bxc4 Be7 8. Nc3 O-O 9. b3 Nb6 10. Be2 Nbd5 11. Bb2 Nxc3 12. dxc3 Qxd1 13. Raxd1 Rfd8 14. b4 Nd5 15. Kf2 Bf6 16. Ne5 Bxe2 17. Kxe2 Bxe5 18. fxe5 Nb6 19. Rd4 Rd5 20. Rfd1 Rad8 21. e4 Rxd4 22. Rxd4 Rxd4 23. cxd4 Nc4 24. Bc1 b5 25. Bg5 c6 26. Be7 a5 27. bxa5 Nxa5 28. Kd3 h6 29. h4 Kh7 30. Ke3 Kg6 31. g4 f6 32. exf6 gxf6 33. e5 f5 34. gxf5+ Kxf5 35. Bf8 h5 36. Bb4 Nb7 37. Kd3 Kg4 38. Be7 Kf3 39. Bg5 Na5 1/2-1/2

[Event "Scarborough CC Falling Leaves U1800"]
[Site "Toronto CAN"]
[Date "2011.11.03"]
[Round "1"]
[White "Bellomo, Joe"]
[Black "Zhong, Joey"]
[Result "1-0"]
[WhiteElo "1588"]
[BlackElo "1313"]
[PlyCount "67"]
[GameId "2160767909639484"]
[EventDate "2011.11.03"]
[EventType "swiss"]
[EventRounds "7"]
[EventCountry "CAN"]
[SourceTitle "EXT 2022"]
[Source "ChessBase"]
[SourceDate "2021.10.06"]
[SourceVersion "1"]
[SourceVersionDate "2021.10.06"]
[SourceQuality "1"]

1. e4 e6 2. d4 d5 3. Nc3 Bb4 4. e5 c5 5. a3 Bxc3+ 6. bxc3 Ne7 7. Nf3 Nbc6 8. Bd3 O-O 9. O-O Qc7 10. Re1 c4 11. Bf1 Bd7 12. g3 b5 13. Bg2 a5 14. Bd2 Rab8 15. Rb1 Rb7 16. h4 Rfb8 17. h5 b4 18. axb4 axb4 19. cxb4 Nxb4 20. Bxb4 Rxb4 21. Rxb4 Rxb4 22. Qd2 Rb2 23. Qg5 Nf5 24. g4 Nh6 25. Qf4 Rxc2 26. g5 Nf5 27. g6 fxg6 28. hxg6 h6 29. Nh4 Qc6 30. Nxf5 exf5 31. e6 Bxe6 32. Qb8+ Qc8 33. Qxc8+ Bxc8 34. Re8# 1-0

[Event "Scarborough CC Falling Leaves U1800"]
[Site "Toronto CAN"]
[Date "2011.11.03"]
[Round "1"]
[White "Graham, John"]
[Black "Mesiti, Silvano"]
[Result "1/2-1/2"]
[WhiteElo "1417"]
[BlackElo "1604"]
[PlyCount "115"]
[GameId "2160767909639485"]
[EventDate "2011.11.03"]
[EventType "swiss"]
[EventRounds "7"]
[EventCountry "CAN"]
[SourceTitle "EXT 2022"]
[Source "ChessBase"]
[SourceDate "2021.10.06"]
[SourceVersion "1"]
[SourceVersionDate "2021.10.06"]
[SourceQuality "1"]

1. e4 e5 2. Nf3 d6 3. d4 exd4 4. Nxd4 Be7 5. Nc3 Nf6 6. Be3 Bd7 7. Be2 O-O 8. O-O Nc6 9. f4 Nxd4 10. Bxd4 Bc6 11. Bf3 Nd7 12. Nd5 Bxd5 13. exd5 Bf6 14. Rb1 Bxd4+ 15. Qxd4 Qf6 16. Qe4 Qd8 17. Rbe1 Nb6 18. Qd3 Qf6 19. Be4 h6 20. b3 Nd7 21. Qh3 Nc5 22. Qf5 Qxf5 23. Bxf5 g6 24. Bh3 Rfe8 25. f5 Rxe1 26. Rxe1 Kf8 27. fxg6 fxg6 28. b4 Na6 29. a3 Re8 30. Be6 Kg7 31. Rf1 Rf8 32. Rxf8 Kxf8 33. Bc8 Nb8 34. Bxb7 Nd7 35. Bc8 Ne5 36. Ba6 Ke7 37. Be2 Kf6 38. c4 Nd7 39. Kf2 Ke5 40. Ke3 Nf6 41. Bf3 Nd7 42. g3 Nf6 43. Be2 Nd7 44. h3 Nf6 45. Bf3 Nd7 46. Be4 g5 47. Bf3 Nf6 48. Kd3 Nd7 49. Be4 Nf6 50. Bf3 Nd7 51. a4 Nf6 52. a5 Nd7 53. Bh5 Nf6 54. Bg6 Nd7 55. Ke3 Nf8 56. g4 Nd7 57. Be4 Nf6 58. Bf5 1/2-1/2

[Event "Scarborough CC Falling Leaves U1800"]
[Site "Toronto CAN"]
[Date "2011.11.03"]
[Round "1"]
[White "Guo, Tan"]
[Black "Yie, Kevin Yi Xiao"]
[Result "0-1"]
[WhiteElo "1634"]
[BlackElo "1463"]
[PlyCount "56"]
[GameId "2160767909639486"]
[EventDate "2011.11.03"]
[EventType "swiss"]
[EventRounds "7"]
[EventCountry "CAN"]
[SourceTitle "EXT 2022"]
[Source "ChessBase"]
[SourceDate "2021.10.06"]
[SourceVersion "1"]
[SourceVersionDate "2021.10.06"]
[SourceQuality "1"]

1. e4 e5 2. Nf3 Nc6 3. d4 exd4 4. Nxd4 Nf6 5. Nxc6 bxc6 6. e5 Qe7 7. Qe2 Nd5 8. c4 Ba6 9. b3 g6 10. Bb2 Bg7 11. g3 O-O 12. Bg2 Rae8 13. O-O Nb6 14. f4 c5 15. Re1 f6 16. Nd2 fxe5 17. fxe5 d6 18. Bc6 Rd8 19. Nf3 d5 20. Nd2 d4 21. Rad1 Rf5 22. Nf3 Nd7 23. Bxd7 Rxd7 24. Ba3 Rd8 25. Nxd4 Rxe5 26. Qf2 Rxd4 27. Rxd4 Rxe1+ 28. Kg2 Bxd4 0-1

[Event "Scarborough CC Falling Leaves U1800"]
[Site "Toronto CAN"]
[Date "2011.11.03"]
[Round "1"]
[White "Kurkowski, Ken"]
[Black "Termeer, Ted"]
[Result "1-0"]
[WhiteElo "1569"]
[BlackElo "1349"]
[PlyCount "71"]
[GameId "2160767909639487"]
[EventDate "2011.11.03"]
[EventType "swiss"]
[EventRounds "7"]
[EventCountry "CAN"]
[SourceTitle "EXT 2022"]
[Source "ChessBase"]
[SourceDate "2021.10.06"]
[SourceVersion "1"]
[SourceVersionDate "2021.10.06"]
[SourceQuality "1"]

1. d4 d5 2. Nf3 e6 3. e3 c5 4. b3 Nf6 5. Bd3 Bd7 6. Bb2 a6 7. Nbd2 b5 8. dxc5 Bxc5 9. O-O O-O 10. Ne5 Nc6 11. Nxd7 Nxd7 12. Qh5 f5 13. Nf3 Qe8 14. Qh3 Qg6 15. c4 bxc4 16. bxc4 Qg4 17. Qxg4 fxg4 18. Ng5 dxc4 19. Bxc4 Nd8 20. Nxe6 Nxe6 21. Bxe6+ Rf7 22. Bxf7+ Kxf7 23. Rfd1 Nf8 24. Rd5 Be7 25. Rc1 Rb8 26. Rc2 Bf6 27. Rdd2 Ne6 28. g3 Ng5 29. Kf1 Nf3 30. Re2 Nxh2+ 31. Kg2 Nf3 32. Bc1 h5 33. Rc7+ Kg6 34. Rc6 Rb1 35. a4 a5 36. Rcc2 1-0

[Event "Scarborough CC Falling Leaves U1800"]
[Site "Toronto CAN"]
[Date "2011.11.03"]
[Round "1"]
[White "Liang, Phillip"]
[Black "Gaffney, Kevin"]
[Result "1-0"]
[WhiteElo "1443"]
[BlackElo "1632"]
[PlyCount "79"]
[GameId "2160767909639488"]
[EventDate "2011.11.03"]
[EventType "swiss"]
[EventRounds "7"]
[EventCountry "CAN"]
[SourceTitle "EXT 2022"]
[Source "ChessBase"]
[SourceDate "2021.10.06"]
[SourceVersion "1"]
[SourceVersionDate "2021.10.06"]
[SourceQuality "1"]

1. d4 d5 2. c4 e6 3. Nc3 c5 4. cxd5 exd5 5. Nf3 Nc6 6. g3 Nf6 7. Bg2 Be7 8. O-O O-O 9. Bg5 cxd4 10. Nxd4 h6 11. Bf4 a6 12. Rc1 Re8 13. a3 Bf8 14. Be3 Ne5 15. Nf3 Nc4 16. Bd4 Be6 17. Bxf6 Qxf6 18. Nxd5 Bxd5 19. Qxd5 Nxb2 20. Qxb7 Rab8 21. Qc6 Re6 22. Qc2 Bxa3 23. e3 a5 24. Nd4 Rd6 25. Ra1 Qe7 26. Nc6 Rxc6 27. Qxc6 Nd3 28. Qa4 Bb4 29. Qc2 Nc5 30. Rfb1 Rd8 31. Rd1 Rc8 32. Qf5 Ne6 33. Rac1 Rb8 34. Bc6 Qf8 35. Rd5 g6 36. Qe5 Ng5 37. Kg2 Rc8 38. Rcd1 Ne6 39. Bd7 Rd8 40. Bxe6 1-0

[Event "Scarborough CC Falling Leaves U1800"]
[Site "Toronto CAN"]
[Date "2011.11.03"]
[Round "1"]
[White "Lin, William"]
[Black "Azmitia, Gabriel"]
[Result "0-1"]
[WhiteElo "1361"]
[BlackElo "1588"]
[PlyCount "68"]
[GameId "2160767909639489"]
[EventDate "2011.11.03"]
[EventType "swiss"]
[EventRounds "7"]
[EventCountry "CAN"]
[SourceTitle "EXT 2022"]
[Source "ChessBase"]
[SourceDate "2021.10.06"]
[SourceVersion "1"]
[SourceVersionDate "2021.10.06"]
[SourceQuality "1"]

1. e4 e5 2. f4 exf4 3. Nf3 g5 4. Bc4 Bg7 5. O-O d6 6. d4 Bg4 7. c3 Nd7 8. h3 Bxf3 9. Qxf3 Nb6 10. Bb3 Qd7 11. Qh5 h6 12. Na3 Nf6 13. Qe2 O-O-O 14. Rd1 Rhe8 15. Bc2 Kb8 16. Bd2 a6 17. e5 dxe5 18. dxe5 Nfd5 19. Bxf4 gxf4 20. c4 Rxe5 21. Qf2 Rde8 22. Rd2 Qe7 23. cxd5 Nxd5 24. Bb3 c6 25. Nc2 Re2 26. Rxe2 Qxe2 27. Qxe2 Rxe2 28. Rb1 Ne3 29. Nxe3 fxe3 30. Bxf7 Bxb2 31. g4 Bf6 32. Bc4 Rb2 33. Rxb2 Bxb2 34. Kf1 Bd4 0-1

[Event "Scarborough CC Falling Leaves U1800"]
[Site "Toronto CAN"]
[Date "2011.11.03"]
[Round "1"]
[White "Maister, Martin"]
[Black "Tismenko, Dennis"]
[Result "1-0"]
[WhiteElo "1626"]
[BlackElo "1435"]
[PlyCount "75"]
[GameId "2160767909639490"]
[EventDate "2011.11.03"]
[EventType "swiss"]
[EventRounds "7"]
[EventCountry "CAN"]
[SourceTitle "EXT 2022"]
[Source "ChessBase"]
[SourceDate "2021.10.06"]
[SourceVersion "1"]
[SourceVersionDate "2021.10.06"]
[SourceQuality "1"]

1. e4 c5 2. g3 g6 3. Bg2 Bg7 4. Nf3 d6 5. O-O Nc6 6. Nc3 Nf6 7. d3 O-O 8. Be3 Bd7 9. Qd2 Ng4 10. Rad1 Nxe3 11. fxe3 Qb6 12. Rb1 Be6 13. a3 Bh6 14. Qf2 c4 15. d4 f5 16. Qe2 fxe4 17. Nxe4 d5 18. Nc5 Bg4 19. h3 Bf5 20. Nh4 Qc7 21. Nxf5 Rxf5 22. Rxf5 gxf5 23. Bxd5+ Kh8 24. Qf3 Rf8 25. Ne6 Qd7 26. Nxf8 Bxf8 27. Bxc4 Nxd4 28. Qd1 b5 29. Bf1 Bg7 30. exd4 Bxd4+ 31. Kh2 f4 32. gxf4 Qd6 33. Qf3 Qg6 34. Bd3 Qf6 35. c3 Be5 36. Rf1 Bd6 37. Qe4 Qg7 38. Rg1 1-0

[Event "Scarborough CC Falling Leaves U1800"]
[Site "Toronto CAN"]
[Date "2011.11.03"]
[Round "1"]
[White "Radpey, Abdolreza"]
[Black "Super, Russell"]
[Result "1-0"]
[WhiteElo "1613"]
[BlackElo "1423"]
[PlyCount "75"]
[GameId "2160767909639491"]
[EventDate "2011.11.03"]
[EventType "swiss"]
[EventRounds "7"]
[EventCountry "CAN"]
[SourceTitle "EXT 2022"]
[Source "ChessBase"]
[SourceDate "2021.10.06"]
[SourceVersion "1"]
[SourceVersionDate "2021.10.06"]
[SourceQuality "1"]

1. c4 Nf6 2. d4 g6 3. Nc3 d5 4. cxd5 Nxd5 5. e4 Nxc3 6. bxc3 Bg7 7. Nf3 Nd7 8. Bb2 O-O 9. Bc4 c6 10. a4 Nf6 11. Qc2 Qc7 12. O-O Bg4 13. Ne5 Rad8 14. h3 Be6 15. Bxe6 fxe6 16. Qb3 Qc8 17. f3 c5 18. Ba3 Rfe8 19. Bxc5 b6 20. Ba3 Nh5 21. Nd3 Bh6 22. f4 Qc6 23. Ne5 Qc8 24. Bc1 Bg7 25. Rf3 Bxe5 26. fxe5 Rf8 27. Rxf8+ Rxf8 28. Bh6 Ng7 29. Rc1 Qe8 30. Bxg7 Kxg7 31. Qxe6 Rf7 32. Qc4 Rf4 33. d5 g5 34. Qd4 Qg6 35. Re1 h5 36. d6 exd6 37. exd6+ Kf7 38. d7 1-0

[Event "Scarborough CC Falling Leaves U1800"]
[Site "Toronto CAN"]
[Date "2011.11.03"]
[Round "1"]
[White "Triefeldt, Jack"]
[Black "Smith, Maurice"]
[Result "1-0"]
[WhiteElo "1747"]
[BlackElo "1509"]
[PlyCount "93"]
[GameId "2160767909639492"]
[EventDate "2011.11.03"]
[EventType "swiss"]
[EventRounds "7"]
[EventCountry "CAN"]
[SourceTitle "EXT 2022"]
[Source "ChessBase"]
[SourceDate "2021.10.06"]
[SourceVersion "1"]
[SourceVersionDate "2021.10.06"]
[SourceQuality "1"]

1. d4 Nf6 2. e3 d5 3. Bd3 e6 4. Nd2 c5 5. f4 Nc6 6. Ngf3 cxd4 7. exd4 Bd6 8. Nb3 O-O 9. c3 Bd7 10. Qc2 Rc8 11. a3 Na5 12. Nxa5 Qxa5 13. Ne5 Bb5 14. O-O Bxd3 15. Qxd3 Qc7 16. Qh3 Qe7 17. Bd2 Ne4 18. Be1 f6 19. Ng4 Rce8 20. Bh4 Qf7 21. Rae1 Nd2 22. Rf2 Ne4 23. Rf3 Nd2 24. Rg3 Kh8 25. Rd3 Ne4 26. Bg3 Nxg3 27. Qxg3 Qg6 28. Rde3 Qf5 29. Rf3 Qh5 30. Nf2 Qh6 31. Nd3 b6 32. Qg4 f5 33. Qg3 Rf6 34. Ne5 Bxe5 35. Rxe5 Kg8 36. Qe1 Qg6 37. Rfe3 Qh6 38. g3 g5 39. fxg5 Qxg5 40. Rxd5 Qg4 41. Rde5 f4 42. R3e4 Qg6 43. Kh1 fxg3 44. Qxg3 Qxg3 45. hxg3 Rf1+ 46. Kg2 Ref8 47. Re2 1-0

[Event "Scarborough CC Falling Leaves U1800"]
[Site "Toronto CAN"]
[Date "2011.11.03"]
[Round "1"]
[White "Veecock, Carl"]
[Black "Vojnov, Miomir"]
[Result "1-0"]
[WhiteElo "1329"]
[BlackElo "1566"]
[PlyCount "77"]
[GameId "2160767909639493"]
[EventDate "2011.11.03"]
[EventType "swiss"]
[EventRounds "7"]
[EventCountry "CAN"]
[SourceTitle "EXT 2022"]
[Source "ChessBase"]
[SourceDate "2021.10.06"]
[SourceVersion "1"]
[SourceVersionDate "2021.10.06"]
[SourceQuality "1"]

1. Nf3 d5 2. g3 Nf6 3. Bg2 Nc6 4. O-O e5 5. d3 Bf5 6. c3 h6 7. b4 a6 8. Nbd2 b5 9. a3 Bd6 10. Bb2 O-O 11. Re1 Qd7 12. e4 dxe4 13. Nxe4 Nxe4 14. dxe4 Bh3 15. Bc1 Bxg2 16. Kxg2 f5 17. exf5 Rxf5 18. Nxe5 Nxe5 19. Qd5+ Kh7 20. Qxa8 c6 21. Be3 Qf7 22. Rad1 Be7 23. f4 Nc4 24. Qxc6 Nxa3 25. Qe4 g6 26. Bc5 Bxc5 27. bxc5 Nc4 28. Qe7 Kg7 29. c6 Nb6 30. c7 Nc8 31. Qxf7+ Rxf7 32. Re8 Rxc7 33. Rdd8 Nb6 34. Rg8+ Kf6 35. Rd6+ Kf7 36. Rgxg6 Na4 37. Rxa6 Nxc3 38. Rxh6 Kg7 39. Rac6 1-0

[Event "Scarborough CC Falling Leaves U1800"]
[Site "Toronto CAN"]
[Date "2011.11.03"]
[Round "1"]
[White "Verde, Pino"]
[Black "Aghamalian, Leonid"]
[Result "0-1"]
[WhiteElo "1643"]
[BlackElo "1489"]
[PlyCount "130"]
[GameId "2160767909639494"]
[EventDate "2011.11.03"]
[EventType "swiss"]
[EventRounds "7"]
[EventCountry "CAN"]
[SourceTitle "EXT 2022"]
[Source "ChessBase"]
[SourceDate "2021.10.06"]
[SourceVersion "1"]
[SourceVersionDate "2021.10.06"]
[SourceQuality "1"]

1. Nf3 d5 2. g3 Nf6 3. Bg2 Bf5 4. d3 Nbd7 5. Nd4 Bg6 6. c4 e5 7. Nc2 c6 8. O-O Be7 9. Nc3 dxc4 10. dxc4 Nb6 11. Ne3 O-O 12. Qb3 Qc7 13. a4 Rad8 14. a5 Nbd7 15. Qa2 Bc5 16. Ned1 Kh8 17. Be3 Bxe3 18. Nxe3 Nc5 19. b4 Nce4 20. Nxe4 Nxe4 21. Bxe4 Bxe4 22. f3 Bg6 23. Ng2 Rd7 24. Nh4 Rfd8 25. Nxg6+ hxg6 26. Qc2 Rd2 27. Qe4 R8d4 28. Qe3 Qd6 29. c5 Qd5 30. Rab1 Rc4 31. Rfc1 Rxc1+ 32. Rxc1 Qd4 33. Qxd4 Rxd4 34. Rb1 Rc4 35. Kf2 Kg8 36. h4 Kf8 37. Ke3 Ke7 38. Kd3 Rd4+ 39. Kc3 Ke6 40. e3 Rd7 41. g4 Rd8 42. Rb2 e4 43. fxe4 Ke5 44. Rd2 Rxd2 45. Kxd2 Kxe4 46. b5 Kd5 47. a6 bxa6 48. b6 axb6 49. cxb6 Kd6 50. Kc3 c5 51. Kc4 Kc6 52. b7 Kxb7 53. Kxc5 a5 54. Kb5 Kc7 55. Kxa5 Kd6 56. Kb4 Ke5 57. Kc3 Ke4 58. Kd2 Kf3 59. h5 g5 60. Kd3 Kxg4 61. Ke2 Kxh5 62. Kf3 Kh4 63. Kg2 Kg4 64. Kf2 Kh3 65. Kg1 Kg3 0-1

[Event "Scarborough CC Falling Leaves U1800"]
[Site "Toronto CAN"]
[Date "2011.11.03"]
[Round "1"]
[White "Wang, Eric1"]
[Black "Song, Eric"]
[Result "0-1"]
[WhiteElo "1501"]
[BlackElo "1661"]
[PlyCount "76"]
[GameId "2160767909639495"]
[EventDate "2011.11.03"]
[EventType "swiss"]
[EventRounds "7"]
[EventCountry "CAN"]
[SourceTitle "EXT 2022"]
[Source "ChessBase"]
[SourceDate "2021.10.06"]
[SourceVersion "1"]
[SourceVersionDate "2021.10.06"]
[SourceQuality "1"]

1. d4 Nf6 2. c4 e6 3. Nf3 b6 4. g3 Bb7 5. Bg2 d5 6. Nc3 c6 7. Bf4 Nbd7 8. cxd5 exd5 9. O-O Be7 10. Rc1 O-O 11. Qc2 Re8 12. Rfd1 Rc8 13. Qa4 a5 14. Qc2 Ba6 15. Ne5 Nxe5 16. Bxe5 Nd7 17. Bf4 Nf6 18. a3 Nh5 19. Bh3 Nxf4 20. Bxc8 Qxc8 21. gxf4 Qg4+ 22. Kh1 Qxf4 23. Rg1 Bh4 24. e3 Qf6 25. Rg4 Qf3+ 26. Rg2 Bc8 27. Qd1 Qf6 28. f4 Bh3 29. Rgc2 Rxe3 30. Re2 Qxf4 31. Rxe3 Qxe3 32. Qe2 Qxc1+ 33. Nd1 Be6 34. Kg2 Qg5+ 35. Kh1 Qg4 36. Qd2 Qf3+ 37. Kg1 Bh3 38. Qc2 Qf1# 0-1

[Event "Scarborough CC Falling Leaves U1800"]
[Site "Toronto CAN"]
[Date "2011.11.10"]
[Round "2"]
[White "Aghamalian, Leonid"]
[Black "Maister, Martin"]
[Result "0-1"]
[WhiteElo "1489"]
[BlackElo "1626"]
[PlyCount "69"]
[GameId "2160767909639496"]
[EventDate "2011.11.03"]
[EventType "swiss"]
[EventRounds "7"]
[EventCountry "CAN"]
[SourceTitle "EXT 2022"]
[Source "ChessBase"]
[SourceDate "2021.10.06"]
[SourceVersion "1"]
[SourceVersionDate "2021.10.06"]
[SourceQuality "1"]

1. e4 c5 2. Nf3 d6 3. d4 cxd4 4. Nxd4 Nf6 5. Nc3 a6 6. Be2 e6 7. O-O Be7 8. Be3 Nc6 9. f4 O-O 10. a3 Qc7 11. Qd3 Rd8 12. Bf3 Nxd4 13. Bxd4 e5 14. Be3 exf4 15. Bxf4 Be6 16. Qe3 Rac8 17. Rad1 Qa5 18. Nd5 Bxd5 19. exd5 Re8 20. Qf2 Bd8 21. Kh1 Bb6 22. Qg3 Rxc2 23. Bh6 g6 24. Qxd6 Bd8 25. b4 Be7 26. Qxe7 Qb6 27. d6 Rxe7 28. dxe7 Rc8 29. Bxb7 Re8 30. Rd8 Rxd8 31. exd8=Q+ Qxd8 32. Rc1 Ne8 33. h3 Nc7 34. Bc6 f6 35. Ba4 0-1

[Event "Scarborough CC Falling Leaves U1800"]
[Site "Toronto CAN"]
[Date "2011.11.10"]
[Round "2"]
[White "Azmitia, Gabriel"]
[Black "Veecock, Carl"]
[Result "1-0"]
[WhiteElo "1588"]
[BlackElo "1329"]
[PlyCount "103"]
[GameId "2160767909639497"]
[EventDate "2011.11.03"]
[EventType "swiss"]
[EventRounds "7"]
[EventCountry "CAN"]
[SourceTitle "EXT 2022"]
[Source "ChessBase"]
[SourceDate "2021.10.06"]
[SourceVersion "1"]
[SourceVersionDate "2021.10.06"]
[SourceQuality "1"]

1. d4 Nf6 2. Nf3 g6 3. b3 Bg7 4. e3 b6 5. Bd3 Bb7 6. O-O d6 7. Bb2 O-O 8. Nbd2 Nc6 9. a3 a5 10. c4 d5 11. Rc1 dxc4 12. Bxc4 e6 13. Qe2 Qc8 14. Rc2 Nb8 15. Rfc1 Ba6 16. e4 Ne8 17. Bd3 Bxd3 18. Qxd3 Qa6 19. Qe3 Qb7 20. e5 Na6 21. Ne4 Rc8 22. g4 f6 23. exf6 Nxf6 24. Nxf6+ Rxf6 25. Ne5 Qd5 26. Nc6 Rf7 27. Ne5 Bxe5 28. dxe5 Qf3 29. Qxf3 Rxf3 30. b4 axb4 31. axb4 Rb3 32. Bc3 Nb8 33. Be1 c6 34. Rc4 Rd3 35. Ra1 h5 36. Rf4 Rcd8 37. Ra8 Re8 38. f3 Rdd8 39. Bh4 Rc8 40. Ra7 Rcd8 41. Bxd8 Rxd8 42. Rff7 Rd1+ 43. Kg2 Rd2+ 44. Kg3 c5 45. Rg7+ Kf8 46. Rgb7 Nc6 47. Ra8+ Nd8 48. bxc5 b5 49. Rbb8 Rd5 50. c6 Kg8 51. Ra7 b4 52. c7 1-0